[Event "OP-2014-0-03389"]
[Site "LSS email"]
[Date "2014.04.21"]
[Round "?"]
[White "Lenz, Juergen"]
[Black "Holmquist, Clifford"]
[Result "1-0"]
[WhiteElo "1165"]
[BlackElo "800"]
[PlyCount "49"]
[EventDate "2014.04.17"]
[EventType "tourn (corr)"]
[EventRounds "4"]
[EventCountry "GER"]
[SourceTitle "Corr 2022"]
[Source "ChessBase"]
[SourceDate "2021.10.24"]
[SourceVersion "1"]
[SourceVersionDate "2021.10.24"]
[SourceQuality "1"]

1. d4 d5 2. Nf3 e6 3. Bf4 Nf6 4. e3 Bd6 5. Bd3 Bxf4 6. exf4 Qd6 7. Ne5 Qb4+ 8. Nd2 Qxd4 9. 0-0 Qxf4 10. Re1 Nbd7 11. g3 Qb4 12. Nb3 c5 13. c3 Qb6 14. Bc2 c4 15. Nd4 Nxe5 16. Rxe5 0-0 17. Qd2 Ng4 18. Re2 e5 19. Nf5 Qf6 20. Ne3 Nxe3 21. Qxe3 d4 22. Qxe5 d3 23. Qxf6 gxf6 24. Rd2 dxc2 25. Rxc2 1-0